PricewaterhouseCoopers guide to charitable giving

PricewaterhouseCoopers’ Guide to Charitable Giving addresses the many tax aspects of charitable giving by walking you through the rules of charitable giving and their relationship to your taxes. This indispensable guide explores different charitable giving alternatives, focusing on current gifts, de...

תיאור מלא

שמור ב:
מידע ביבליוגרפי
מחבר ראשי: Kennedy, Michael B.
פורמט: ספר
שפה:Undetermined
יצא לאור: Hoboken John Wley & Sons 2002
נושאים:
תגים: הוספת תג
אין תגיות, היה/י הראשונ/ה לתייג את הרשומה!
Thư viện lưu trữ: Trung tâm Học liệu Trường Đại học Cần Thơ
LEADER 01289nam a2200217Ia 4500
001 CTU_113280
008 210402s9999 xx 000 0 und d
020 |c 419900 
082 |a 361.74 
082 |b K35 
100 |a Kennedy, Michael B. 
245 0 |a PricewaterhouseCoopers guide to charitable giving 
245 0 |c Michael B. Kennedy, Evelyn M. Capassakis, Richard S. Wagman 
260 |a Hoboken 
260 |b John Wley & Sons 
260 |c 2002 
520 |a PricewaterhouseCoopers’ Guide to Charitable Giving addresses the many tax aspects of charitable giving by walking you through the rules of charitable giving and their relationship to your taxes. This indispensable guide explores different charitable giving alternatives, focusing on current gifts, deferred or planned gifts, gifts of income, annuities, and charitable bequests. It also covers the advantages and disadvantages of each type of gift, as well as funding alternatives and assets that may be utilized. The charitable giving strategies discussed are supplemented with essential forms, their instructions, and relevant IRS publications 
650 |a Income tax deductions for charitable contributions 
650 |x United States 
904 |i Giang 
980 |a Trung tâm Học liệu Trường Đại học Cần Thơ